| 000 | 00479nam a22001817a 4500 | ||
|---|---|---|---|
| 003 | NUST - PNEC | ||
| 005 | 20170116181121.0 | ||
| 008 | 151005b xxu||||| |||| 00| 0 eng d | ||
| 020 | _a0918404916 | ||
| 040 | _cLIBRARY | ||
| 082 | _a671.37 GAS | ||
| 100 |
_913517 _aGasbarre, Thomas G. |
||
| 245 |
_a1989 advances in powder metallurgy Volume 2 _cThomas G. Gasbarre |
||
| 250 | _aVolume 2 | ||
| 260 | _cc.1989 | ||
| 650 |
_913516 _aPowder metallurgy _xME |
||
| 942 |
_2ddc _cBK |
||
| 999 |
_c69570 _d69570 |
||